000 00502nam a2200181Ia 4500
005 20250326124258.0
008 250326s9999 xx 000 0 und d
037 _aTextbook
040 _aFMSL
_beng
_cFMSL
041 _aeng
_2eng
084 _aX:513 L85;1
_qFMSL
100 _aStroh T F
_9737087
245 0 _aManaging the sales function
_cStroh T F
260 _aNew Delhi
_bNew Delhi, McGraw-Hill
_c1978
300 _a445p
942 _cTB
_hX:513 L85;1
999 _c1273067
_d1273067